ជំនួប​តុ​កា​ហ្វេ​រវាង ដុ​ក​ទ័​រ ម៉េ​ង​លី និង​ខ្ញុំ / (Record no. 3577)

MARC details
000 -LEADER
fixed length control field 02566nam a22002657a 4500
001 - CONTROL NUMBER
control field 3577
003 - CONTROL NUMBER IDENTIFIER
control field FISKH
005 - DATE AND TIME OF LATEST TRANSACTION
control field 20240321115327.0
008 - FIXED-LENGTH DATA ELEMENTS--GENERAL INFORMATION
fixed length control field 240321b cb ||||| |||| 00| 0 eng d
040 ## - CATALOGING SOURCE
Original cataloging agency FISKH
Language of cataloging khr
Transcribing agency FISKH
Modifying agency FISKH
050 ## - LIBRARY OF CONGRESS CALL NUMBER
Classification number PZ7
082 ## - DEWEY DECIMAL CLASSIFICATION NUMBER
Classification number 641.3373
100 ## - MAIN ENTRY--PERSONAL NAME
Personal name S K, Dhamendra
245 ## - TITLE STATEMENT
Title ជំនួប​តុ​កា​ហ្វេ​រវាង ដុ​ក​ទ័​រ ម៉េ​ង​លី និង​ខ្ញុំ /
Statement of responsibility, etc. Dhamendra S K & Oknha Dr. Mengly Jandy Quach
246 ## - VARYING FORM OF TITLE
Title proper/short title Dr. Mengly, Coffee and Me Healthy Conversations
260 ## - PUBLICATION, DISTRIBUTION, ETC.
Place of publication, distribution, etc. Phnom Penh :
Name of publisher, distributor, etc. MENGLY J. QUACH University Press,
Date of publication, distribution, etc. 2016.
300 ## - PHYSICAL DESCRIPTION
Extent 118 unnumbered pages :
Dimensions 22 cm
520 ## - SUMMARY, ETC.
Summary, etc. "ជំនួបតុកាហ្វេរវាង ដុកទ័រ ម៉េងលី និងខ្ញុំ"គឺជាការចងក្រងនូវគំនិតវិជ្ជមានដែលចេញមកពីលទ្ធផលនៃការសន្ទនាបើកចំហជាបន្តបន្ទាប់ដែលធ្វើឡើងរវាងគ្រូបង្រៀននិងសិស្សនិងចាស់ទុំនិងវ័យក្មេងសហគ្រិននិងអ្នកដែលចូលចិត្ត និងរវាងមិត្តល្អពីរនាក់។ សមាសភាពនៃអតីតកាល, ស៊ុមប្រាកដនិយមនៃបច្ចុប្បន្ននិងជឿវិធីឆ្ពោះទៅរកអនាគតល្អប្រសើរជាងមុនត្រូវបានរកឃើញនៅក្នុងសៀវភៅនេះ។ សៀវភៅនេះធ្វើឱ្យមេដឹកនាំមើលទៅកាន់តែងាយស្រួលជាងពេលណាៗទាំងអស់។"
520 ## - SUMMARY, ETC.
Summary, etc. Dr. Mengly, Coffee and Me is Dharmen's compilation of positive thought which came out as a result of a series of open-minded conversations held between a teacher and a student, an elder and a younger, an entrepreneur and an enthusiast and between two good friends. Fractions of the past, realistic frame of the present and believable approaches towards a better future are found in this book. This book makes a leader look more approachable than ever. <br/>
650 ## - SUBJECT ADDED ENTRY--TOPICAL TERM
Topical term or geographic name entry element ជំនួបតុ​កាហ្វេ
General subdivision ពីនេះ​ពីនោះ​
650 ## - SUBJECT ADDED ENTRY--TOPICAL TERM
Topical term or geographic name entry element Coffee talk
General subdivision From this from that
700 ## - ADDED ENTRY--PERSONAL NAME
Personal name Mengly J. Quach
942 ## - ADDED ENTRY ELEMENTS (KOHA)
Source of classification or shelving scheme Dewey Decimal Classification
Koha item type Khmer Books
Suppress in OPAC No
Holdings
Withdrawn status Lost status Source of classification or shelving scheme Damaged status Not for loan Collection Home library Current library Shelving location Date acquired Total Checkouts Full call number Barcode Date last seen Price effective from Koha item type
    Dewey Decimal Classification     Khmer-English Bilingual / ភាសាខ្មែរ-អង់គ្លេស Footprints International School Library Network Toul Kork Campus Footprints International School Library Network Toul Kork Campus TK Old Khmer Books (Rear Hallway Shelf 3) 03/21/2024   DHA 641.3373 PZ7 2024-0380 03/21/2024 03/21/2024 Khmer Books